Вып. 35; Проблемы ядерной физики и космических лучей

Bibliographische Detailangaben
Parent link:Проблемы ядерной физики и космических лучей: республиканский междуведомственный научно-технический сборник/ Харьковский государственный университет (ХГУ). Вып. 35.— , 1974-1991
Weitere Verfasser: Григорьян О. И. (редактор)
Sprache:Russisch
Veröffentlicht: 1991
Schlagworte:
Format: Buch
KOHA link:https://koha.lib.tpu.ru/cgi-bin/koha/opac-detail.pl?biblionumber=228023

MARC

LEADER 00000nam2a2200000 4500
001 228023
005 20231101230838.0
035 |a (RuTPU)RU\TPU\book\248473 
035 |a RU\TPU\book\237572 
090 |a 228023 
100 |a 20121213d1991 k y0rusy50 ca 
101 0 |a rus 
102 |a UA 
105 |a a z 001zy 
200 0 |a Вып. 35  |f отв. ред. О. И. Григорьян 
210 |d 1991 
215 |a 84 с. 
320 |a Библиогр. в конце ст. 
461 1 |0 (RuTPU)RU\TPU\book\32000  |t Проблемы ядерной физики и космических лучей  |o республиканский междуведомственный научно-технический сборник  |f Харьковский государственный университет (ХГУ)  |v Вып. 35  |d 1974-1991 
606 1 |a Ядерная физика  |2 stltpush  |3 (RuTPU)RU\TPU\subj\21560  |9 46524 
606 1 |a Космические лучи  |x Физика  |2 stltpush  |3 (RuTPU)RU\TPU\subj\15853 
610 1 |a космические излучения 
610 1 |a атомные ядра 
610 1 |a спектры 
610 1 |a проблемы 
610 1 |a элементарные частицы 
610 1 |a ядерные реакции 
675 |a 539.1  |v 3 
675 |a 539.14  |v 3 
702 1 |a Григорьян  |b О. И.  |4 340 
801 0 |a UA  |b 63413507  |c 20011210  |g PSBO 
801 2 |a RU  |b 63413507  |c 20170111  |g PSBO 
942 |c BK